Male First Name Etymology - Statistics

General Stats
  • This quiz has been taken 441 times
  • The average score is 7 of 15
Answer Stats
Meaning Language of Origin Well-known bearers Answer % Correct
Beloved Hebrew Ziggy Stardust's alter ego David
73%
Lion Greek Soviet politician who was killed in Mexico City Leon
69%
Steward Scottish Fictional mouse with human parents Stuart
67%
Of noble birth Anglicized Gaelic Home Alone protagonist Kevin
63%
Eternal ruler Old Norse Viking who discovered Greenland Eric
58%
Bearing Christ Greek Ninth Doctor Christopher
57%
Twin Greek (from Aramaic) Saint known for scholasticism Thomas
47%
Man Hebrew Introduced the concept of the "invisible hand" Adam
44%
Little hollow Scottish Wolverine Logan
39%
Watchful Latin (from Greek) To Kill a Mockingbird actor Gregory
34%
Lucky, successful Latin German composer, perhaps most well-known for his Wedding March Felix
30%
Friend of horses Greek American Idol season 11 winner Philip
25%
Great tide Welsh Stage surname of a famous musician, who in turn took it from a famous poet Dylan
24%
God is my judge Hebrew Biblical prophet Daniel
22%
Fire Anglicized Gaelic Irish actor, best known for his role in Poldark Aidan
14%
No matching quizzes found
Score Distribution
Percent of People with Each Score
Percentile by Number Answered
Your Score History
You have not taken this quiz